| 000 | 00919nam a2200253 a 4500 | ||
|---|---|---|---|
| 001 | 000027873 | ||
| 003 | OSt | ||
| 005 | 20240422101417.0 | ||
| 008 | 110405s1922 dr r 000 0 spa d | ||
| 040 |
_aDO-SdBNP _bspa _cBNPHU |
||
| 082 | 4 |
_a920.5 _bR333d 1922 _222 |
|
| 100 | 1 |
_aRegalado, Doroteo _954946 |
|
| 245 | 1 | 0 |
_aDe mi via-crucis / : _b(a través de la ocupación militar norteamericana) / _cDoroteo Regalado; P. M. German |
| 250 | _a2a. ed. | ||
| 260 |
_aSantiago, República Dominicana : _bLa Información, _c1922. |
||
| 300 |
_a83 p. ; _c23 cm. |
||
| 590 | _aInventariado, 2018/ YL | ||
| 600 | 1 | 4 |
_aRegalado, Doroteo _954946 |
| 650 | 4 |
_aPeriodistas _zRepública Dominicana _vBiografías _977129 |
|
| 651 | 0 |
_aRepública Dominicana -- _xHistoria -- _yOcupación norteamericana, 1916-1924 _91926 |
|
| 700 | 1 |
_aGerman, P. M. _epról. _958695 |
|
| 910 | _aValidado. Control de calidad MFF | ||
| 942 |
_2ddc _cLBS1 |
||
| 999 |
_c27365 _d27365 |
||